00270nam a2200109Ia 4500008004100000100002500041245001300066260004300079650001400122942000700136999001700143190216s9999||||xx |||||||||||||| ||und|| aUnnikrishnan Puthoor 0aAnappaka bSahithya Pravarthaka Sahakarana Sangam aMalayalam cBK c25894d25894